[Event "HUN-chT2 Maroczy 0809"]
[Site "Hungary"]
[Date "2009.03.08"]
[Round "9"]
[White "Mike, Peter"]
[Black "Berta, Gergely"]
[Result "1-0"]
[WhiteElo "1986"]
[BlackElo "2014"]
[PlyCount "31"]
[EventDate "2008.10.26"]
[EventType "team-tourn"]
[EventRounds "11"]
[EventCountry "HUN"]
[SourceTitle "EXT 2010"]
[Source "ChessBase"]
[SourceDate "2010.11.25"]
[SourceVersion "1"]
[SourceVersionDate "2010.11.25"]
[SourceQuality "1"]
[WhiteTeam "Maroczy"]
[BlackTeam "Oroshaza"]
[WhiteTeamCountry "HUN"]
[BlackTeamCountry "HUN"]

1. e4 e5 2. Nf3 Nc6 3. c3 d6 4. d4 Bd7 5. Nbd2 g6 6. dxe5 Nxe5 7. Nxe5 dxe5 8. Bc4 Bc6 9. Qb3 Qd7 10. Nf3 Bg7 11. 0-0 0-0-0 12. Bxf7 Kb8 13. Bg5 Rf8 14. Rad1 Qg4 15. Qb4 Qxe4 16. Qxf8+ 1-0

[Event "HUN-chT2 Maroczy 0809"]
[Site "Hungary"]
[Date "2009.02.22"]
[Round "8"]
[White "Berta, Gergely"]
[Black "Timko, Melinda"]
[Result "0-1"]
[WhiteElo "2014"]
[BlackElo "2052"]
[PlyCount "98"]
[EventDate "2008.10.26"]
[EventType "team-tourn"]
[EventRounds "11"]
[EventCountry "HUN"]
[SourceTitle "EXT 2010"]
[Source "ChessBase"]
[SourceDate "2010.11.25"]
[SourceVersion "1"]
[SourceVersionDate "2010.11.25"]
[SourceQuality "1"]
[WhiteTeam "Oroshaza"]
[BlackTeam "Husi"]
[WhiteTeamCountry "HUN"]
[BlackTeamCountry "HUN"]

1. e4 c5 2. Nc3 Nc6 3. g3 g6 4. Bg2 Bg7 5. d3 Nf6 6. Nge2 d6 7. 0-0 0-0 8. Be3 Bd7 9. Qd2 Rb8 10. Bh6 b5 11. h3 Re8 12. Bxg7 Kxg7 13. f4 Qc8 14. f5 Ne5 15. g4 Bc6 16. Nf4 Qb7 17. Qf2 g5 18. Nh5+ Nxh5 19. gxh5 f6 20. h6+ Kxh6 21. Qg3 Kg7 22. h4 h6 23. Rae1 Rg8 24. hxg5 hxg5 25. Ne2 Kf7 26. c3 Qb6 27. Rf2 Rg7 28. d4 Nd7 29. Qh3 Rbg8 30. Qh5+ Kf8 31. Qh6 Ke8 32. d5 Bb7 33. Ng3 Kd8 34. Bf3 Nf8 35. Qh5 g4 36. Be2 Rh7 37. Rh2 Rxh5 38. Rxh5 c4+ 39. Kg2 Qe3 40. Rhh1 Qd2 41. b3 cxb3 42. axb3 Nd7 43. Rd1 Qxc3 44. Rd3 Qc2 45. Rhd1 Ne5 46. Re3 b4 47. Nf1 Nf3 48. Kg3 Ng5 49. Kf4 Qb2 0-1

[Event "HUN-chT2 Maroczy 0708"]
[Site "Hungary"]
[Date "2008.02.17"]
[Round "6"]
[White "Balsai, Nikolett"]
[Black "Berta, Gergely"]
[Result "1-0"]
[WhiteElo "1887"]
[BlackElo "2028"]
[PlyCount "143"]
[EventDate "2007.10.14"]
[EventType "team"]
[EventRounds "11"]
[EventCountry "HUN"]
[SourceTitle "EXT 2009"]
[Source "ChessBase"]
[SourceDate "2008.11.26"]
[SourceVersion "1"]
[SourceVersionDate "2008.11.26"]
[SourceQuality "1"]
[WhiteTeam "Fuzesabony"]
[BlackTeam "Oroshaza"]
[WhiteTeamCountry "HUN"]
[BlackTeamCountry "HUN"]

1. e4 e5 2. Bc4 Nc6 3. Nf3 Bc5 4. d3 Nf6 5. Bg5 h6 6. Bh4 d6 7. h3 Na5 8. Nbd2 0-0 9. 0-0 c6 10. Nh2 g5 11. Bg3 Qe7 12. c3 b5 13. Bb3 Bb6 14. Kh1 Nb7 15. Qf3 Nc5 16. Bc2 Ne6 17. Ng4 Nxg4 18. hxg4 Nf4 19. Bxf4 gxf4 20. g3 Qg5 21. gxf4 Qh4+ 22. Kg2 exf4 23. Qxf4 Bxg4 24. Qg3 Qxg3+ 25. fxg3 f5 26. exf5 Bxf5 27. Rae1 d5 28. Re5 Bg4 29. Rxf8+ Rxf8 30. d4 Bd8 31. Nb3 h5 32. Nc5 h4 33. Ne6 h3+ 34. Kg1 Bxe6 35. Rxe6 Bc7 36. Rg6+ Kh8 37. Rh6+ Kg7 38. Rh7+ Kg8 39. Rxh3 Rf6 40. g4 Bf4 41. Bf5 a5 42. Rf3 Bc1 43. b3 Kg7 44. Kg2 Bd2 45. Rd3 Bf4 46. Kf3 Bg5 47. c4 b4 48. c5 Rh6 49. Rd1 Kf7 50. Kg3 Bh4+ 51. Kf4 Kf6 52. Kf3 Bg5 53. Kg3 Bh4+ 54. Kg2 Bg5 55. Re1 Kf7 56. Bd7 Rh4 57. Be8+ Kf8 58. Bh5 Bf6 59. Rf1 Ke7 60. Kg3 Rxh5 61. gxh5 Bxd4 62. h6 Bxc5 63. Rc1 Bd6+ 64. Kg4 Kd7 65. Kf5 Bf8 66. h7 Bg7 67. Rg1 Bd4 68. Rg8 c5 69. h8Q Bxh8 70. Rxh8 c4 71. Ke5 Kc6 72. Kd4 1-0

[Event "HUN-chT2 Toth 0506"]
[Site "Hungary"]
[Date "2006.04.23"]
[Round "11"]
[White "Berta, Gergely"]
[Black "Kovacs, Adrian"]
[Result "0-1"]
[WhiteElo "2060"]
[BlackElo "2233"]
[PlyCount "69"]
[EventDate "2005.10.16"]
[EventType "team"]
[EventRounds "11"]
[EventCountry "HUN"]
[SourceTitle "EXT 2009"]
[Source "ChessBase"]
[SourceDate "2008.11.26"]
[SourceVersion "1"]
[SourceVersionDate "2008.11.26"]
[SourceQuality "1"]
[WhiteTeam "Oroshaza"]
[BlackTeam "Takisz"]
[WhiteTeamCountry "HUN"]
[BlackTeamCountry "HUN"]

1. e4 c5 2. Nc3 Nc6 3. g3 g6 4. Bg2 Bg7 5. d3 d6 6. Nge2 Nf6 7. 0-0 Rb8 8. f4 Bd7 9. Nb1 Qc8 10. Nd2 b5 11. c3 Bg4 12. Qe1 0-0 13. Kh1 b4 14. Nc4 bxc3 15. bxc3 Nd7 16. Bd2 Qa6 17. Nc1 Be6 18. Ne3 Nb6 19. f5 Bd7 20. Ng4 h5 21. Nh6+ Kh7 22. Qe3 Ne5 23. Bh3 Qb7 24. Ne2 Nbc4 25. dxc4 Nxc4 26. Qf4 Be5 27. Qh4 Nxd2 28. Nxf7 Bf6 29. fxg6+ Kxg6 30. Nf4+ Kxf7 31. Qxh5+ Kg8 32. Bg2 Bg7 33. Qg6 Rf6 34. Qg5 Nxe4 35. Nh5 0-1

[Event "HUN-chT2 Toth 0506"]
[Site "Hungary"]
[Date "2005.12.04"]
[Round "5"]
[White "Berta, Gergely"]
[Black "Csuri, Mate"]
[Result "1/2-1/2"]
[WhiteElo "2060"]
[BlackElo "2064"]
[PlyCount "124"]
[EventDate "2005.10.16"]
[EventType "team"]
[EventRounds "11"]
[EventCountry "HUN"]
[SourceTitle "EXT 2009"]
[Source "ChessBase"]
[SourceDate "2008.11.26"]
[SourceVersion "1"]
[SourceVersionDate "2008.11.26"]
[SourceQuality "1"]
[WhiteTeam "Oroshaza"]
[BlackTeam "Vasarhelyi"]
[WhiteTeamCountry "HUN"]
[BlackTeamCountry "HUN"]

1. e4 d5 2. exd5 Qxd5 3. Nc3 Qa5 4. d4 c6 5. Nf3 Bf5 6. Bd3 e6 7. 0-0 Bd6 8. Re1 Ne7 9. Ne5 0-0 10. Bf4 Qc7 11. Bg3 Nd7 12. Ne4 Bxe4 13. Bxe4 Ng6 14. Nxg6 hxg6 15. c3 Bxg3 16. hxg3 Nf6 17. Qf3 Qb6 18. Rab1 Nxe4 19. Qxe4 Rad8 20. Qf4 Rd5 21. g4 Rb5 22. b4 Qa6 23. Qd2 Rd5 24. Qe2 Qb6 25. Qe3 Rfd8 26. f4 Qa6 27. Re2 Qc4 28. g5 b6 29. Rd1 a5 30. a3 Qb3 31. Qc1 c5 32. bxc5 Rxc5 33. Rb2 Qa4 34. Rxb6 Rxc3 35. Qxc3 Qxd1+ 36. Kh2 Qxd4 37. Qc7 Rd7 38. Qb8+ Kh7 39. Rb3 Rd8 40. Qc7 Kg8 41. Rb7 f5 42. Rb3 Qd6 43. Qc4 Qd5 44. Qc7 Qd6 45. Qc4 Kf7 46. Kg3 Rd7 47. Re3 Rc7 48. Qb5 Qd5 49. Qe2 Rb7 50. Qc2 Qd4 51. Rb3 Rd7 52. Rf3 Qb6 53. Rd3 Rc7 54. Qd1 Qc6 55. Qd2 a4 56. Qe3 Rb7 57. Kh2 Qc4 58. Rc3 Qd5 59. Rd3 Qa2 60. Qf3 Qb2 61. Qc6 Re7 62. Qxa4 Qf2 1/2-1/2

[Event "HUN-chT2 Toth 0506"]
[Site "Hungary"]
[Date "2005.10.16"]
[Round "1"]
[White "Berta, Gergely"]
[Black "Hegyesi, Zoltan"]
[Result "1/2-1/2"]
[WhiteElo "2060"]
[BlackElo "1968"]
[PlyCount "98"]
[EventDate "2005.10.16"]
[EventType "team"]
[EventRounds "11"]
[EventCountry "HUN"]
[SourceTitle "EXT 2009"]
[Source "ChessBase"]
[SourceDate "2008.11.26"]
[SourceVersion "1"]
[SourceVersionDate "2008.11.26"]
[SourceQuality "1"]
[WhiteTeam "Oroshaza"]
[BlackTeam "Bekes"]
[WhiteTeamCountry "HUN"]
[BlackTeamCountry "HUN"]

1. e4 c6 2. d4 d5 3. exd5 cxd5 4. Nf3 Nf6 5. Bd3 Nc6 6. c3 g6 7. 0-0 Bg7 8. h3 0-0 9. Re1 Bf5 10. Bg5 Bxd3 11. Bxf6 Bxf6 12. Qxd3 Qb6 13. Re2 e6 14. Qd1 Rfc8 15. Nbd2 Na5 16. Ne1 Nc4 17. Nd3 Nxd2 18. Qxd2 Qc7 19. Qf4 Qxf4 20. Nxf4 b5 21. Nd3 a5 22. a3 Be7 23. Rc1 b4 24. axb4 axb4 25. Rec2 bxc3 26. bxc3 Bd6 27. Kf1 Ba3 28. Rb1 Rab8 29. Rxb8 Rxb8 30. Ke2 Rb1 31. Ra2 Bd6 32. Rb2 Rxb2+ 33. Nxb2 Kf8 34. Kd3 Ke7 35. Nd1 f6 36. Ne3 Bf4 37. c4 dxc4+ 38. Nxc4 Kd7 39. Ke4 Bc7 40. Kd3 Kc6 41. Ne3 Bb6 42. g4 h6 43. Ng2 Kd7 44. Nf4 g5 45. Ne2 Ke7 46. Ke4 Kf7 47. f3 Kg6 48. d5 exd5+ 49. Kxd5 f5 1/2-1/2

[Event "HUN-chT2 Toth 0304"]
[Site "Hungary"]
[Date "2003.11.16"]
[Round "3"]
[White "Kemeny, Csaba"]
[Black "Berta, Gergely"]
[Result "1-0"]
[WhiteElo "2068"]
[BlackElo "2015"]
[PlyCount "95"]
[EventDate "2003.09.28"]
[EventType "team"]
[EventRounds "11"]
[EventCountry "HUN"]
[SourceTitle "EXT 2009"]
[Source "ChessBase"]
[SourceDate "2008.11.26"]
[SourceVersion "1"]
[SourceVersionDate "2008.11.26"]
[SourceQuality "1"]
[WhiteTeam "Takisz"]
[BlackTeam "Oroshaza"]
[WhiteTeamCountry "HUN"]
[BlackTeamCountry "HUN"]

1. d4 d5 2. Nf3 Nf6 3. Bf4 e6 4. c3 Nbd7 5. Bg5 Be7 6. Nbd2 c6 7. e3 0-0 8. Bd3 h6 9. Bxf6 Bxf6 10. e4 Re8 11. e5 Be7 12. 0-0 c5 13. Ne1 b6 14. f4 Nf8 15. Qg4 f5 16. Qh5 Kh7 17. Kh1 g6 18. Qe2 Bd7 19. g4 cxd4 20. cxd4 Bb4 21. Rg1 Re7 22. a3 Bxd2 23. Qxd2 Rc8 24. gxf5 exf5 25. Nf3 Be8 26. Rac1 Rxc1 27. Rxc1 Rc7 28. Kg2 Ne6 29. Rxc7+ Qxc7 30. Kg3 b5 31. Qc3 Qxc3 32. bxc3 a6 33. Nd2 Kg7 34. h4 Kf7 35. h5 Ng7 36. hxg6+ Kxg6 37. Nb3 Kf7 38. Nc5 a5 39. Nb7 b4 40. axb4 axb4 41. cxb4 Ke7 42. Nd6 Bg6 43. Kf3 Bh5+ 44. Ke3 Bg4 45. Bf1 Ne6 46. b5 Nd8 47. Bg2 Ke6 48. Ne8 1-0